Návrh konštrukčnej úpravy stroja na rovnanie automobilových diskov
Gespeichert in:
| 1. Verfasser: | |
|---|---|
| Format: | Manuskript Buch |
| Sprache: | Slowakisch |
| Veröffentlicht: |
2015
|
| Schlagworte: | |
| Online-Zugang: | http://is.stuba.sk/zp/portal_zp.pl?podrobnosti=112610 |
| Tags: |
Keine Tags, Fügen Sie das erste Tag hinzu!
|
MARC
| LEADER | 00000ntm a22000003a 4500 | ||
|---|---|---|---|
| 001 | stuzp50525 | ||
| 003 | SK-STU | ||
| 005 | 20160719153600.8 | ||
| 007 | ta | ||
| 008 | 150427s2015----xo-----f-mn---000-0-slo-d | ||
| 040 | |a STU |b slo | ||
| 041 | 0 | |a slo | |
| 100 | 1 | |a Grman, Miroslav |u 063000 |4 aut |U MTF Materiálovotechnologická fakulta |T MTF Ústav výrobných technológií |X 56939 |U M3000 |Y 83 |7 56939 | |
| 242 | 0 | 1 | |a Edit forming machine designed for re-shaping of wheels for machining cars brake discs |y eng |
| 245 | 1 | 0 | |a Návrh konštrukčnej úpravy stroja na rovnanie automobilových diskov |
| 260 | |c 2015 | ||
| 650 | 4 | |a firma |2 slo | |
| 650 | 4 | |a trieskové obrábanie |2 slo | |
| 650 | 4 | |a tvárnenie |2 slo | |
| 650 | 4 | |a obrábanie |2 slo | |
| 650 | 4 | |a forming |2 eng | |
| 650 | 4 | |a chip machining |2 eng | |
| 650 | 4 | |a machining |2 eng | |
| 700 | 1 | |a Grman, Miroslav |4 ths |X 78297 |7 78297 | |
| 856 | 4 | |u http://is.stuba.sk/zp/portal_zp.pl?podrobnosti=112610 | |
| 996 | |c M* BP-7409 |l MMSKP |s P |a 0 |w stuzp50525_0001 | ||
| SQL | |a stuzp50525 |b DBP |c SLO |d Návrh konštrukčnej úpravy stroja na rovnanie automobilových diskov |e 56939 |f Grman, Miroslav |g 063000 |h 78297 |i Grman, Miroslav |j 20150623 |k 174 |l 06 |m http://is.stuba.sk/zp/portal_zp.pl?podrobnosti=112610 |n B-PPT |o 5.2.51. výrobné technológie | ||